000 00467nam a2200169Ia 4500
008 230711s9999||||xx |||||||||||||| ||und||
020 _a978-1-86470-457-0
041 _aENG
082 _a720
_bAL-U
100 _aAltoon,Ronald A.
245 0 _aUrban transformation : transit oriented development and the sustainable city
250 _a1st . Ed.
260 _c2011
_aVictoria
_bImages Publisher Corporation
300 _a192
650 _aArchitecture
942 _cBK
999 _c5672
_d5672